000 00500nam a2200193 a 4500
001 1773825107398
003 YourLibrary
005 20260318144535.0
008 260318s1996##################000#0#eng##
020 _a9781560323037
082 0 4 _a362.28STI
100 1 _aStillion, Judith M.,
_eauthor.
245 1 0 _aSuicide Across the Life Span :
260 _bTaylor & Francis,
_c1996.
300 _a366 pages
650 0 _aMedical.
942 _cENGLISH
040 _aYourLibrary
_beng
_cYourLibrary
999 _c617864
_d617864